[Event "DRUZYNOWE MISTRZOSTWA POLSKI JUNIOROW - II LIGA"]
[Site "Szczyrk, CKiR Orle Gniazdo ul. Wrzosowa 28a"]
[Date "2014-07-29"]
[Round "7.26"]
[White "Klimek, Piotr"]
[Black "Kaminski, Piotr"]
[Result "1/2-1/2"]
[WhiteTitle "I"]
[BlackTitle "II+"]
[WhiteElo "1839"]
[BlackElo "1601"]

1. Nf3 Nf6 2. b3 g6 3. Bb2 Bg7 4. g3 O-O 5. Bg2 c5 6. O-O Nc6 7. d3 Re8 8. Nbd2
e5 9. Nc4 d6 10. e4 Qc7 11. Ne3 h6 12. c4 Be6 13. Nd5 Qd7 14. Qd2 Kh7 15. Ne1
Ng8 16. f4 Nd4 17. f5 Bxd5 18. cxd5 Nf6 19. Nc2 Qe7 20. Nxd4 exd4 21. Bh3 g5 22.
Bc1 Nd7 23. Qf2 Qf6 24. Qe2 Ne5 25. Bb2 Rac8 26. Rac1 Red8 27. Rfd1 Rh8 28. Bg4
Rhe8 29. Kg2 Kg8 30. Rc2 b6 31. Rdc1 Rb8 32. Rh1 Kf8 33. Rcc1 Ke7 34. h4 Rh8 35.
Rcd1 Rbg8 36. Bc1 Bf8 37. hxg5 hxg5 38. Rxh8 Rxh8 39. Rh1 Rxh1 40. Kxh1 Qh8+ 41.
Kg2 Kf6 42. Qd1 Be7 43. Be2 Qh6 44. Qf1 Kg7 45. Qg1 Bf6 46. Qd1 Qh8 47. Bd2 a5
48. Qc1 Qh6 49. a3 Nd7 50. b4 axb4 51. axb4 Ne5 52. b5 Nd7 53. Qa3 Qh8 54. Qa7
Qd8 55. Qb7 Ne5 56. Kg1 Nd7 57. Kg2 Ne5 58. Kg1 Nd7 59. Kg2 Ne5 1/2-1/2

[Event "DRUZYNOWE MISTRZOSTWA POLSKI JUNIOROW - II LIGA"]
[Site "Szczyrk, CKiR Orle Gniazdo ul. Wrzosowa 28a"]
[Date "2014-07-29"]
[Round "7.27"]
[White "Mietkiewicz, Jacek"]
[Black "Raclawicki, Kacper"]
[Result "0-1"]
[WhiteTitle "II+"]
[BlackTitle "I"]
[WhiteElo "1564"]
[BlackElo "1540"]

1. d4 d5 2. c4 e6 3. Nc3 Nf6 4. Nf3 c6 5. Bg5 Be7 6. e3 Nbd7 7. Bd3 dxc4 8. Bxc4
b5 9. Bd3 a6 10. O-O c5 11. Re1 Bb7 12. Rc1 Rc8 13. Bb1 O-O 14. Ne5 cxd4 15. exd4
Nd5 16. Bxe7 Qxe7 17. Nxd5 Bxd5 18. Rc3 Rxc3 19. bxc3 Rc8 20. Re3 Nxe5 21. Bxh7+
Kf8 22. dxe5 g6 23. Rh3 Qg5 24. Rg3 Qxe5 25. Qd2 b4 26. Bxg6 fxg6 27. Rxg6 Kf7
28. Rg4 bxc3 29. Qc1 c2 30. Rh4 Qa1 0-1

[Event "DRUZYNOWE MISTRZOSTWA POLSKI JUNIOROW - II LIGA"]
[Site "Szczyrk, CKiR Orle Gniazdo ul. Wrzosowa 28a"]
[Date "2014-07-29"]
[Round "7.28"]
[White "Paliszewski, Dominik"]
[Black "Kukorowski, Jan"]
[Result "1-0"]
[WhiteTitle "II"]
[BlackTitle "II"]
[WhiteElo "1621"]
[BlackElo "1359"]

1. e4 c5 2. Nf3 g6 3. c3 d5 4. exd5 Qxd5 5. d4 Bg4 6. Be2 Nc6 7. dxc5 Qxc5 8. Be3
Qa5 9. Nbd2 Bg7 10. Nb3 Qc7 11. Nbd4 Rd8 12. Qa4 Qa5 13. Qxa5 Nxa5 14. O-O-O Nf6
15. Bb5+ Bd7 16. Bxd7+ Nxd7 17. Nb5 a6 18. Nc7+ Kf8 19. Bb6 Bh6+ 20. Kb1 Nxb6
21. Rxd8+ Kg7 22. Ne8+ Kf8 23. Nd6+ Kg7 24. Rxh8 Kxh8 25. Nxf7+ Kg7 26. Nxh6 Kxh6
27. Re1 Nc6 28. Nd4 Nxd4 29. cxd4 Nc8 30. Kc2 Kg7 31. Kd3 Kf6 32. b4 Nd6 33. a4
e6 34. Rb1 g5 35. b5 axb5 36. axb5 h5 37. f3 Ke7 38. Kc3 Kd7 39. Kb4 Nf5 40. Kc3
Kd6 41. Kd3 Ke7 42. g4 hxg4 43. fxg4 Nd6 44. Re1 Nxb5 45. Re5 Nc7 46. Rxg5 Kf6
47. Rc5 Nd5 48. Rxd5 exd5 49. h4 Kg6 50. Kc3 Kf6 51. Kb4 Ke6 52. Kb5 Kd6 53. h5
Ke6 54. Kb6 Kf6 55. Kxb7 Kg5 56. Kc6 Kf4 57. Kxd5 1-0

[Event "DRUZYNOWE MISTRZOSTWA POLSKI JUNIOROW - II LIGA"]
[Site "Szczyrk, CKiR Orle Gniazdo ul. Wrzosowa 28a"]
[Date "2014-07-29"]
[Round "7.29"]
[White "Wilk, Oktawia"]
[Black "Kopica, Paulina"]
[Result "1/2-1/2"]
[WhiteTitle "I+"]
[BlackTitle "I"]
[WhiteElo "1662"]
[BlackElo "1697"]

1. e4 c5 2. Nf3 Nc6 3. d4 cxd4 4. Nxd4 Nf6 5. Nc3 d6 6. Be3 e5 7. Nb3 Be7 8. Be2
O-O 9. O-O a5 10. Nd2 d5 11. exd5 Nxd5 12. Nxd5 Qxd5 13. Nc4 Qxd1 14. Rfxd1 Be6
15. a4 f5 16. f3 Nb4 17. Rd2 Rac8 18. b3 e4 19. fxe4 fxe4 20. c3 Bf6 21. Bd4 Nd5
22. Bxf6 Nxf6 23. Rc1 Rc5 24. Rd6 Bd5 25. Rd1 Re8 26. Rb6 Re7 27. Rd6 h6 28. Rd8+
Kh7 29. Re1 Rd7 30. Rxd7 Nxd7 31. Kf2 Bc6 32. Ke3 Nf6 33. Rd1 Kg6 34. h3 Bd5 35.
Kd4 Bxc4 36. Bxc4 Rc7 37. Ke3 Kf5 38. Rd6 g5 39. g4+ Kg6 40. Kd4 Kg7 41. Ke5 Rc5+
42. Kd4 Rc7 43. Ke5 Rc5+ 44. Kd4 1/2-1/2

[Event "DRUZYNOWE MISTRZOSTWA POLSKI JUNIOROW - II LIGA"]
[Site "Szczyrk, CKiR Orle Gniazdo ul. Wrzosowa 28a"]
[Date "2014-07-29"]
[Round "7.30"]
[White "Trusz, Julia"]
[Black "Szelag, Zuzanna"]
[Result "0-1"]
[WhiteTitle "I"]
[BlackTitle "I"]
[WhiteElo "1508"]
[BlackElo "1483"]

1. e4 c5 2. Nf3 Nc6 3. d4 cxd4 4. Nxd4 g6 5. Nc3 Bg7 6. Be3 Nf6 7. Be2 O-O 8. O-O
d6 9. Qd2 Ng4 10. Bxg4 Bxg4 11. h3 Bd7 12. Nd5 Ne5 13. b3 Rc8 14. c4 Bc6 15. Rac1
Nd7 16. f3 a5 17. Nxc6 bxc6 18. Nc3 c5 19. Bh6 Ne5 20. Bxg7 Kxg7 21. Rb1 Nc6 22.
Qb2 Rb8 23. Nb5+ Kg8 24. Qd2 Qb6 25. Rfd1 Rb7 26. Rb2 Na7 27. Nc3 Nc6 28. Rdb1
Rfb8 29. Nd5 Qa7 30. Nc3 Nd4 31. Kh1 Qa6 32. Ne2 Nc6 33. f4 a4 34. bxa4 Rxb2 35.
Rxb2 Rxb2 36. Qxb2 Qxa4 37. Qb3 Qxb3 38. axb3 Na5 39. Nc1 Nc6 40. Kg1 Nd4 41.
Kf2 Kf8 42. Ke3 Ke8 43. Kd3 Kd7 44. Kc3 Kc6 45. Kb2 f5 46. exf5 Nxf5 47. Kc3 h5
48. Nd3 Ne3 49. Ne1 Kb6 50. Kd3 Nf5 51. Kc3 Ng3 52. Nd3 Ka5 53. Nc1 Nf5 54. Nd3
Ne3 55. Ne1 e6 56. Kd3 Nf5 57. Kc3 Nd4 58. Nd3 Ne2+ 59. Kd2 Ng3 60. Kc3 Ne4+ 61.
Kc2 Ng3 62. Kc3 Nf5 63. Kb2 Ne3 64. Ne1 d5 65. cxd5 exd5 66. Nd3 Nxg2 67. Nxc5
Nxf4 68. Kc3 Nxh3 69. Kd4 Nf4 70. Ke5 g5 71. Kf5 Kb4 72. Na6+ Ka5 73. Nc7 h4 74.
Kg4 h3 75. Kg3 g4 76. Ne8 Ne2+ 77. Kh2 d4 78. Nf6 Kb4 79. Nxg4 Nf4 80. Kg3 Ne2+
81. Kxh3 d3 82. Ne3 Kxb3 83. Kg2 d2 84. Kf2 Nc3 85. Kf1 Ka2 86. Kf2 Kb1 0-1

[Event "DRUZYNOWE MISTRZOSTWA POLSKI JUNIOROW - II LIGA"]
[Site "Szczyrk, CKiR Orle Gniazdo ul. Wrzosowa 28a"]
[Date "2014-07-29"]
[Round "7.31"]
[White "Korpalski, Maciej"]
[Black "Ogonowski, Jakub"]
[Result "0-1"]
[WhiteTitle "I"]
[BlackTitle "I+"]
[WhiteElo "1739"]
[BlackElo "1853"]

1. e4 c5 2. Nf3 d6 3. d4 cxd4 4. Nxd4 Nf6 5. Nc3 a6 6. f3 e5 7. Nb3 Be6 8. Be3
Be7 9. Qd2 O-O 10. g4 Nbd7 11. O-O-O b5 12. h4 b4 13. Ne2 a5 14. Kb1 Qc7 15. g5
Nh5 16. f4 a4 17. Nbc1 b3 18. cxb3 axb3 19. a3 exf4 20. Bxf4 Rfc8 21. Nc3 Nxf4
22. Qxf4 Rxa3 23. bxa3 Qxc3 24. Bd3 b2 25. Rh2 bxc1=Q+ 26. Qxc1 Qb3+ 27. Rb2 Rxc1+
0-1

[Event "DRUZYNOWE MISTRZOSTWA POLSKI JUNIOROW - II LIGA"]
[Site "Szczyrk, CKiR Orle Gniazdo ul. Wrzosowa 28a"]
[Date "2014-07-29"]
[Round "7.32"]
[White "Kaczkowski, Maciej"]
[Black "Korpalska, Joanna"]
[Result "1-0"]
[WhiteTitle "II"]
[BlackTitle "I++"]
[WhiteElo "1635"]
[BlackElo "1695"]

1. e4 e5 2. Nf3 Nc6 3. Bb5 a6 4. Ba4 Nf6 5. d3 b5 6. Bb3 Bc5 7. O-O d6 8. a4 Rb8
9. h3 Bb6 10. Bg5 h6 11. Bh4 g5 12. Bg3 Rg8 13. Kh1 g4 14. hxg4 Bxg4 15. Bh4 Nd4
16. Nbd2 Rg6 17. c3 Nxb3 18. Qxb3 Qd7 19. axb5 axb5 20. Rae1 Nh5 21. d4 Nf4 22.
Bg3 Nh5 23. dxe5 Bxf3 24. Nxf3 Nxg3+ 25. fxg3 Rxg3 26. exd6 cxd6 27. e5 dxe5 28.
Rxe5+ Kf8 29. Rxb5 Qc7 30. Ne5 Rg7 31. Rxb6 Rxb6 32. Qxb6 Qxe5 33. Qd8+ Qe8 34.
Qxe8+ Kxe8 35. Rf6 h5 36. Rf5 Rh7 37. Kh2 Ke7 38. Kg3 Ke6 39. Rg5 f6 40. Rb5 f5
41. c4 Rg7+ 42. Kf3 Rg4 43. b3 Re4 44. Rb8 Kd6 45. Rf8 Re5 46. Rd8+ Kc6 47. Rd5
Re7 48. Rxf5 Rb7 49. Rb5 Rd7 50. Rd5 Rb7 51. Rxh5 Rxb3+ 52. Kg4 Rb4 53. Re5 Rxc4+
54. Kg5 Rc2 55. g4 Kd6 56. Re4 Rg2 57. Kf5 Rf2+ 58. Kg6 Rg2 59. g5 Kd5 60. Re3
Kd6 61. Kf6 Rf2+ 62. Kg7 Rg2 63. g6 Kd7 64. Kf7 Rf2+ 65. Kg8 Rg2 66. g7 Rh2 67.
Re4 Rh3 68. Kf7 Rf3+ 69. Kg6 Rg3+ 70. Kf6 Rf3+ 71. Kg5 Rg3+ 72. Rg4 1-0

[Event "DRUZYNOWE MISTRZOSTWA POLSKI JUNIOROW - II LIGA"]
[Site "Szczyrk, CKiR Orle Gniazdo ul. Wrzosowa 28a"]
[Date "2014-07-29"]
[Round "7.33"]
[White "Wrobel, Michal"]
[Black "Baum, Jonasz"]
[Result "1/2-1/2"]
[WhiteTitle "I"]
[BlackTitle "II+"]
[WhiteElo "1720"]
[BlackElo "1632"]

1. e4 e5 2. Nf3 Nc6 3. Bc4 Nf6 4. d3 Bc5 5. Nc3 h6 6. Be3 Bb6 7. Qd2 d6 8. O-O-O
Be6 9. Bb3 Bxb3 10. axb3 Ba5 11. Qe2 Bb4 12. Na2 a5 13. c3 Bc5 14. Kc2 Qe7 15.
Ra1 b5 16. Nc1 O-O 17. Nh4 Qe6 18. Nf5 Ne7 19. g4 Bxe3 20. Qxe3 Nxg4 21. Qf3 Nf6
22. Rg1 Ne8 23. h4 Qf6 24. Ne2 a4 25. bxa4 Rxa4 26. Rxa4 bxa4 27. h5 Nxf5 28.
exf5 Qh4 29. Rg4 Qxh5 30. Ng3 Qh2 31. f6 g6 32. Rxa4 Qh3 33. d4 e4 34. Qf4 d5
35. Ra1 g5 36. Qe5 Qg2 37. Rh1 Qxf2+ 38. Kb1 Qxf6 39. Qxd5 Nd6 40. Qe5 Qxe5 41.
dxe5 Nc4 42. Rxh6 1/2-1/2

[Event "DRUZYNOWE MISTRZOSTWA POLSKI JUNIOROW - II LIGA"]
[Site "Szczyrk, CKiR Orle Gniazdo ul. Wrzosowa 28a"]
[Date "2014-07-29"]
[Round "7.34"]
[White "Czernek, Tymon"]
[Black "Kawaler, Adam"]
[Result "1/2-1/2"]
[WhiteTitle "II"]
[BlackTitle "I"]
[WhiteElo "1508"]
[BlackElo "1610"]

1. d4 d5 2. Nf3 c5 3. c3 e6 4. Bf4 Nc6 5. e3 cxd4 6. exd4 Bd6 7. Bxd6 Qxd6 8. Bd3
Nf6 9. Nbd2 Rb8 10. Qe2 a6 11. a4 Bd7 12. Ne5 Ne7 13. Ndf3 Ng6 14. h3 Nf4 15.
Qf1 Nxd3+ 16. Qxd3 b5 17. Nxd7 Nxd7 18. axb5 axb5 19. b4 Qc6 20. Ke2 O-O 21. Ra5
Rfc8 22. Rc1 f6 23. Qe3 Nb6 24. Ra6 Ra8 25. Rca1 Rxa6 26. Rxa6 Ra8 27. Rxa8+ Nxa8
28. Nd2 Nb6 29. Nb3 Nc4 30. Qg3 Qa8 31. Nc5 e5 32. Qg4 e4 33. Qe6+ Kh8 34. Qa6
Qe8 35. Qe6 Qa8 36. Qa6 Qe8 37. Qe6 Qa8 38. Qa6 Qe8 39. Qe6 Qa8 40. Qa6 Qe8 41.
Qe6 Qa8 1/2-1/2

[Event "DRUZYNOWE MISTRZOSTWA POLSKI JUNIOROW - II LIGA"]
[Site "Szczyrk, CKiR Orle Gniazdo ul. Wrzosowa 28a"]
[Date "2014-07-29"]
[Round "7.35"]
[White "Sekowska, Helena"]
[Black "Reda, Lucja"]
[Result "1-0"]
[WhiteTitle "I"]
[BlackTitle "II"]
[WhiteElo "1489"]
[BlackElo "1244"]

1. e4 e5 2. Nf3 Nc6 3. d4 exd4 4. Nxd4 Bc5 5. Be3 Bxd4 6. Bxd4 Nxd4 7. Qxd4 Nf6
8. e5 Qe7 9. Be2 Ng8 10. Nc3 c6 11. Ne4 Nh6 12. Nd6+ Kd8 13. O-O-O b6 14. Rd2
Kc7 15. Rhd1 Rd8 16. g3 f6 17. exf6 Qxf6 18. Qxf6 gxf6 19. Nxc8 Raxc8 20. Rd6
Ng8 21. Bg4 Kb8 22. Rxd7 Rxd7 23. Rxd7 h6 24. Rd6 Re8 25. Rxc6 Kb7 26. Re6 Rd8
27. Bh5 Kc7 28. Bf7 Kb7 29. Bxg8 Rxg8 30. Rxf6 Rh8 31. f4 h5 32. Rf7+ Kb8 33.
f5 a5 34. Rg7 Rf8 35. Rg5 1-0

[Event "DRUZYNOWE MISTRZOSTWA POLSKI JUNIOROW - II LIGA"]
[Site "Szczyrk, CKiR Orle Gniazdo ul. Wrzosowa 28a"]
[Date "2014-07-29"]
[Round "7.36"]
[White "Tarka, Aleksandra"]
[Black "Frej, Hanna"]
[Result "1-0"]
[WhiteTitle "I"]
[BlackTitle "II"]
[WhiteElo "1352"]
[BlackElo "1356"]

1. e4 c5 2. Nf3 Nc6 3. d4 cxd4 4. Nxd4 g6 5. Nc3 Bg7 6. Be3 Nf6 7. Nxc6 bxc6 8.
e5 Ng8 9. f4 e6 10. Qd2 Ne7 11. g4 O-O 12. O-O-O Qa5 13. Bc4 Qb4 14. Bb3 a5 15.
a3 Qb7 16. h4 Rb8 17. h5 Nd5 18. Nxd5 cxd5 19. Qxa5 Re8 20. hxg6 fxg6 21. Rh3
Qc6 22. Kb1 Ba6 23. Qd2 Qb7 24. Rdh1 Bc4 25. Bd4 Bxb3 26. Rxb3 Qa8 27. Rbh3 Kf7
28. Qf2 Rf8 29. f5 Ke8 30. f6 Bh8 31. Bc5 Rf7 32. Rxh7 Bg7 33. Rxg7 Rxg7 34. Rh8+
Rg8 35. f7+ Kd8 36. fxg8=R+ Kc7 37. Rxb8 Qxb8 38. Bd6+ Kc6 39. Rxb8 d4 40. Qf3#
1-0

[Event "DRUZYNOWE MISTRZOSTWA POLSKI JUNIOROW - II LIGA"]
[Site "Szczyrk, CKiR Orle Gniazdo ul. Wrzosowa 28a"]
[Date "2014-07-29"]
[Round "7.37"]
[White "Kyc, Jerzy"]
[Black "Ruttar, Lukasz"]
[Result "1-0"]
[WhiteTitle "I++"]
[BlackTitle "II"]
[WhiteElo "2096"]
[BlackElo "1507"]

1. e4 e5 2. Nf3 Nc6 3. Bb5 a6 4. Ba4 Nf6 5. d3 d6 6. c3 Be7 7. O-O Bg4 8. Re1 O-O
9. Nbd2 b5 10. Bc2 Re8 11. Nf1 Nb8 12. h3 Bxf3 13. Qxf3 Nbd7 14. d4 c5 15. dxe5
dxe5 16. Ne3 Nb6 17. Nf5 Bf8 18. Bg5 Re6 19. Qg3 Kh8 20. Rad1 Qc7 21. Bc1 Rc8
22. Qf3 Ree8 23. g4 Red8 24. Kg2 Ng8 25. Ne3 f6 26. Nd5 Nxd5 27. exd5 Rd6 28.
b3 Ne7 29. c4 Rcd8 30. Re2 Ng6 31. Bxg6 hxg6 32. Qc3 b4 33. Qc2 Qf7 34. f4 exf4
35. Bxf4 R6d7 36. Rf1 Bd6 37. Bxd6 Rxd6 38. Qe4 Kg8 39. Qe7 g5 40. Qxf7+ Kxf7
41. Rfe1 R8d7 42. Re8 Kg6 43. Rc8 Kf7 44. Rxc5 Re7 45. Rxe7+ Kxe7 46. Rc7+ 1-0

[Event "DRUZYNOWE MISTRZOSTWA POLSKI JUNIOROW - II LIGA"]
[Site "Szczyrk, CKiR Orle Gniazdo ul. Wrzosowa 28a"]
[Date "2014-07-29"]
[Round "7.38"]
[White "Zarnowski, Krzysztof"]
[Black "Krzeminski, Sebastian"]
[Result "1-0"]
[WhiteTitle "I+"]
[BlackTitle "II+"]
[WhiteElo "1906"]
[BlackElo "1704"]

1. e4 c5 2. Nf3 a6 3. d4 cxd4 4. Nxd4 Nf6 5. Nc3 e5 6. Nb3 Bb4 7. Qd3 Nc6 8. Bd2
Bxc3 9. Bxc3 d5 10. exd5 Nxd5 11. O-O-O Be6 12. g3 Qb6 13. Bg2 O-O-O 14. Bxd5
Bxd5 15. Qf5+ Be6 16. Qg5 Qxf2 17. Rdf1 Qe2 18. Qxg7 Qc4 19. Kb1 a5 20. a3 b5
21. Qg5 b4 22. axb4 axb4 23. Bxe5 Rd5 24. Qg7 Rhd8 25. Bf6 Rd2 26. Qxh7 Na5 27.
Bxd8 Nxb3 28. cxb3 Qxb3 29. Bf6 Bc4 30. Qf5+ Rd7 31. Rd1 Qa2+ 32. Kc1 Qa1+ 33.
Qb1 Qa8 34. Rxd7 Qxh1+ 35. Rd1 Qc6 36. Qf5+ Be6+ 37. Qc2 Bc4 38. b3 Qxf6 39. Qxc4+
Kb8 40. Qf4+ 1-0

[Event "DRUZYNOWE MISTRZOSTWA POLSKI JUNIOROW - II LIGA"]
[Site "Szczyrk, CKiR Orle Gniazdo ul. Wrzosowa 28a"]
[Date "2014-07-29"]
[Round "7.39"]
[White "Urbanski, Wojciech"]
[Black "Swider, Pawel"]
[Result "0-1"]
[WhiteTitle "II"]
[BlackTitle "II"]
[WhiteElo "1512"]
[BlackElo "1400"]

1. e4 e5 2. Nf3 Nc6 3. Bb5 a6 4. Ba4 Nf6 5. d3 d6 6. c3 Be7 7. Bg5 h6 8. Be3 O-O
9. Nbd2 b5 10. Bc2 Bb7 11. a3 Qd7 12. O-O Rfe8 13. Nh4 Ng4 14. Nf5 Nxe3 15. Nxe7+
Nxe7 16. fxe3 Rf8 17. Bb3 c5 18. Rf2 d5 19. exd5 Bxd5 20. Bc2 f5 21. Nf3 Ng6 22.
Qd2 Qb7 23. Rd1 Rae8 24. d4 Bxf3 25. Rxf3 cxd4 26. Rxf5 dxe3 27. Qxe3 Rxf5 28.
Bxf5 Nf4 29. Be4 Qc7 30. Rc1 Qc4 31. Re1 Qa2 32. Qd2 Qe6 33. Rf1 Qb6+ 34. Qf2
Qd6 35. Bf5 Rf8 36. Qc2 Qb6+ 37. Kh1 g6 38. Be4 Kg7 39. Qd2 Qc7 40. Qf2 Qc4 41.
Bc2 Rf7 42. Qe1 Qe6 43. Qe4 Rf6 44. a4 Qd5 45. Qxd5 Nxd5 46. Rxf6 Kxf6 47. axb5
axb5 48. Be4 Nc7 49. Kg1 Ne8 50. Kf2 Nd6 51. Bd3 e4 52. Be2 Ke5 53. Bg4 Nc4 54.
Bd7 Nxb2 55. Bxb5 Nd1+ 56. Ke1 Nxc3 57. Be8 g5 58. g3 e3 59. h4 gxh4 60. gxh4
Kf4 61. Bg6 Kg4 62. h5 Kg3 63. Bd3 Kf3 64. Bg6 Nd5 65. Bf7 Nf4 66. Be8 Ng2+ 67.
Kf1 e2+ 68. Kg1 e1=Q+ 69. Kh2 Qg3+ 70. Kg1 Ne3+ 0-1

[Event "DRUZYNOWE MISTRZOSTWA POLSKI JUNIOROW - II LIGA"]
[Site "Szczyrk, CKiR Orle Gniazdo ul. Wrzosowa 28a"]
[Date "2014-07-29"]
[Round "7.40"]
[White "Krezolek, Mateusz"]
[Black "Warchol, Bartosz"]
[Result "0-1"]
[WhiteTitle "III"]
[BlackTitle "II"]
[WhiteElo "1113"]
[BlackElo "1510"]

1. e4 c5 2. Nf3 d6 3. d4 cxd4 4. Nxd4 Nf6 5. Nc3 a6 6. Bg5 Nbd7 7. Qf3 Ne5 8. Qg3
e6 9. f4 Ng6 10. O-O-O Be7 11. Be2 Qc7 12. Kb1 h6 13. Bxf6 Bxf6 14. Rd2 O-O 15.
Qe3 Nxf4 16. Bf3 Ng6 17. Qf2 Ne5 18. Rf1 b5 19. a3 Nc4 20. Rd3 Rb8 21. g4 b4 22.
axb4 Rxb4 23. Nb3 a5 24. Nd1 a4 25. Nd4 Ba6 26. Kc1 Bg5+ 27. Kb1 Rfb8 28. b3 Na3+
29. Kb2 Bxd3 30. Kxa3 Bxf1 31. Qxf1 Rxd4 0-1

[Event "DRUZYNOWE MISTRZOSTWA POLSKI JUNIOROW - II LIGA"]
[Site "Szczyrk, CKiR Orle Gniazdo ul. Wrzosowa 28a"]
[Date "2014-07-29"]
[Round "7.41"]
[White "Gaudyn, Renata"]
[Black "Ziemba, Magdalena"]
[Result "1-0"]
[WhiteTitle "I"]
[BlackTitle "I"]
[WhiteElo "1597"]
[BlackElo "1589"]

1. d4 e6 2. Nf3 d5 3. c4 Nf6 4. Nc3 Be7 5. Bg5 O-O 6. e3 Nbd7 7. Rc1 c6 8. Bd3
dxc4 9. Bxc4 Nd5 10. Bxe7 Qxe7 11. O-O N7f6 12. Bd3 Nb4 13. Bb1 b6 14. a3 Nbd5
15. e4 Nxc3 16. Rxc3 Bb7 17. Re1 Rfd8 18. Qc2 g6 19. Qc1 Rd7 20. h3 Ne8 21. e5
Nc7 22. Be4 Nb5 23. Rd3 Rad8 24. Red1 f5 25. exf6 Qxf6 26. Qe3 Nd6 27. Re1 Nxe4
28. Qxe4 c5 29. Qxe6+ Qxe6 30. Rxe6 Bxf3 31. Rxf3 Rxd4 32. Re7 R4d7 33. Rxd7 Rxd7
34. Kf1 Rd2 35. Rb3 Kf7 36. a4 Rd1+ 37. Ke2 Ra1 38. Rf3+ Kg7 39. b3 c4 40. bxc4
Rxa4 41. Kd3 Ra3+ 42. Ke4 Rxf3 43. Kxf3 Kf6 44. Ke4 Ke6 45. f4 a5 46. g4 a4 47.
Kd3 h5 48. Kc3 Kd6 49. Kb4 a3 50. Kxa3 Kc5 51. Kb3 h4 52. Kc3 Kc6 53. Kb4 Kd7
54. Kb5 Kc7 55. f5 gxf5 56. gxf5 Kd6 57. Kxb6 Ke5 58. f6 Kxf6 59. c5 Kg5 60. c6
Kf4 61. c7 1-0

[Event "DRUZYNOWE MISTRZOSTWA POLSKI JUNIOROW - II LIGA"]
[Site "Szczyrk, CKiR Orle Gniazdo ul. Wrzosowa 28a"]
[Date "2014-07-29"]
[Round "7.42"]
[White "Pedrak, Paulina"]
[Black "Waszczuk, Patrycja"]
[Result "1/2-1/2"]
[WhiteTitle "I"]
[BlackTitle "I"]
[WhiteElo "1395"]
[BlackElo "1519"]

1. e4 c5 2. Nf3 e6 3. d4 cxd4 4. Nxd4 a6 5. Nc3 b5 6. Bd3 Bb7 7. O-O Qc7 8. Be3
Nf6 9. a3 Be7 10. Qe2 d6 11. f4 O-O 12. f5 e5 13. Nf3 Nbd7 14. h3 d5 15. exd5
Nxd5 16. Nxd5 Bxd5 17. Bf2 f6 18. Rad1 Qc6 19. Rfe1 Rac8 20. c3 Nb6 21. Bxb6 Qxb6+
22. Kh1 Rfd8 23. Be4 Bxe4 24. Qxe4 Qf2 25. Rxd8+ Rxd8 26. b4 Qb2 27. Qb7 Kf8 28.
Nd4 Qxc3 29. Ne6+ Ke8 30. Rf1 Qd3 31. Rc1 Rd7 32. Qc8+ Kf7 33. Nc7 Rd8 34. Qe6+
Kf8 35. Nxa6 Qe3 36. Rc8 Qxa3 37. Nc5 Qc1+ 38. Kh2 Qf4+ 39. Kg1 Qd4+ 40. Kh2 Qf4+
41. Kh1 Qf1+ 42. Kh2 Qf4+ 43. Kh1 Qf1+ 44. Kh2 Qf4+ 45. Kh1 Qf1+ 46. Kh2 Qf4+
1/2-1/2

[Event "DRUZYNOWE MISTRZOSTWA POLSKI JUNIOROW - II LIGA"]
[Site "Szczyrk, CKiR Orle Gniazdo ul. Wrzosowa 28a"]
[Date "2014-07-29"]
[Round "7.43"]
[White "Kanicki, Krzysztof"]
[Black "Nun, Grzegorz"]
[Result "1-0"]
[WhiteTitle "I+"]
[BlackTitle "I"]
[WhiteElo "2028"]
[BlackElo "1907"]

1. e4 c5 2. Nf3 d6 3. d4 cxd4 4. Nxd4 Nf6 5. Nc3 a6 6. Be3 e5 7. Nb3 Be6 8. f3
Be7 9. Qd2 O-O 10. O-O-O a5 11. Bb5 Nbd7 12. Qf2 Qc7 13. g4 Rfc8 14. Kb1 Nc5 15.
Nxc5 dxc5 16. g5 Ne8 17. Nd5 Bxd5 18. Rxd5 Rd8 19. Bxe8 Rxd5 20. Bxf7+ Kxf7 21.
exd5 Kg8 22. f4 exf4 23. Bxf4 Qd7 24. d6 Qc6 25. Rd1 Rd8 26. Qd2 b6 27. Qd5+ Qxd5
28. Rxd5 Kf7 29. Rf5+ Ke6 30. dxe7 Rd1+ 31. Bc1 Kxe7 32. c4 1-0

[Event "DRUZYNOWE MISTRZOSTWA POLSKI JUNIOROW - II LIGA"]
[Site "Szczyrk, CKiR Orle Gniazdo ul. Wrzosowa 28a"]
[Date "2014-07-29"]
[Round "7.44"]
[White "Czerniawski, Krzysztof"]
[Black "Marko, Piotr"]
[Result "0-1"]
[WhiteTitle "I"]
[BlackTitle "II"]
[WhiteElo "1761"]
[BlackElo "1628"]

1. e4 e5 2. Nf3 Nc6 3. d4 exd4 4. Bc4 Nf6 5. e5 d5 6. Bb5 Ne4 7. Nxd4 Bd7 8. Bxc6
bxc6 9. O-O Bc5 10. f3 Ng5 11. f4 Ne4 12. Be3 O-O 13. Nd2 Nxd2 14. Qxd2 Bb6 15.
c3 Qe7 16. Rae1 Rad8 17. f5 c5 18. Nb3 Bb5 19. Bg5 Qd7 20. Bxd8 Bxf1 21. Qg5 h6
22. Qf4 Bd3 23. e6 fxe6 24. fxe6 Qxd8 25. e7 Qxe7 0-1

[Event "DRUZYNOWE MISTRZOSTWA POLSKI JUNIOROW - II LIGA"]
[Site "Szczyrk, CKiR Orle Gniazdo ul. Wrzosowa 28a"]
[Date "2014-07-29"]
[Round "7.45"]
[White "Miszkielo, Bartosz"]
[Black "Fudalej, Slawomir"]
[Result "1-0"]
[WhiteTitle "I"]
[BlackTitle "I"]
[WhiteElo "1678"]
[BlackElo "1615"]

1. Nf3 Nf6 2. c4 g6 3. d4 Bg7 4. Nc3 d5 5. Bf4 c6 6. e3 O-O 7. cxd5 Nxd5 8. Bg3
Nxc3 9. bxc3 c5 10. Qd2 Nc6 11. Be2 Qa5 12. O-O Rd8 13. Qc2 a6 14. Nd2 cxd4 15.
cxd4 Bxd4 16. exd4 Nxd4 17. Nb3 Nxc2 18. Nxa5 Nxa1 19. Rxa1 Rd5 20. Nc4 Rb5 21.
Bc7 Be6 22. Nb6 Rb2 23. Nxa8 Rxe2 24. a4 Rc2 25. Bb6 f6 26. Nc7 Bb3 27. a5 Ba2
28. h3 Kf7 29. Rd1 Rc6 30. Rd8 Rd6 31. Rb8 Rd7 32. Rxb7 Bc4 33. Ra7 h5 34. Ra8
Rxc7 35. Bxc7 Ke6 36. Ra7 Kd7 37. Bb6+ Ke6 38. Bd8 g5 39. Rxe7+ Kf5 40. f3 Bb5
41. Rf7 Kg6 42. Rxf6+ Kg7 43. Rf5 g4 44. Rxb5 1-0

[Event "DRUZYNOWE MISTRZOSTWA POLSKI JUNIOROW - II LIGA"]
[Site "Szczyrk, CKiR Orle Gniazdo ul. Wrzosowa 28a"]
[Date "2014-07-29"]
[Round "7.46"]
[White "Maciak, Jakub"]
[Black "Tokarz, Krzysztof"]
[Result "1/2-1/2"]
[WhiteTitle "II"]
[BlackTitle "II"]
[WhiteElo "1280"]
[BlackElo "1485"]

1. e4 e6 2. d4 d5 3. Nc3 Nf6 4. Bg5 dxe4 5. Nxe4 Be7 6. Bxf6 Bxf6 7. Nf3 Bd7 8.
Bd3 Bc6 9. c3 Nd7 10. O-O O-O 11. Qc2 h6 12. Nfd2 Nb6 13. f4 Nd5 14. Rae1 Re8
15. Nc4 Bb5 16. Ne5 Bxd3 17. Qxd3 Bxe5 18. fxe5 Ne7 19. Qg3 Ng6 20. Rxf7 Rf8 21.
Rxf8+ Nxf8 22. Rf1 Qe7 23. Rf4 Kh8 24. Qf3 Kg8 25. a3 Rd8 26. Qh5 b6 27. Rg4 Kh8
28. Rf4 Kg8 29. g4 Qe8 30. Qh4 Rd7 31. Rf6 Kh8 32. Rf3 Kg8 33. g5 Qg6 34. h3 Rf7
35. Rxf7 Kxf7 36. Qf4+ Ke7 37. c4 Nd7 38. b4 c5 39. bxc5 bxc5 40. d5 hxg5 41.
d6+ Ke8 42. Nxg5 Qb1+ 43. Kg2 Qb2+ 44. Kg3 Nxe5 45. Nxe6 Qxa3+ 46. Kg2 Qb2+ 47.
Qf2 Qxf2+ 48. Kxf2 Nxc4 49. Nxg7+ Kd7 50. h4 Nxd6 51. Ke2 a5 52. Kd2 a4 53. h5
Nf7 54. Nf5 Ke6 55. Ne3 Kf6 56. Kc3 Nd6 57. Nd5+ Kg5 58. Nb6 Nb5+ 59. Kb2 a3+
60. Ka2 Kxh5 61. Nc4 Kg5 62. Nxa3 Nxa3 63. Kxa3 Kf5 64. Kb3 Ke5 65. Kc4 Kd6 66.
Kc3 Kd5 67. Kd3 c4+ 68. Kc2 Ke5 69. Kc3 Kd5 70. Kc2 Kc5 71. Kc3 Kb5 72. Kc2 Kb4
73. Kb2 Ka4 74. Kc3 Kb5 75. Kc2 Kb4 76. Kb2 c3+ 77. Kc1 Kc5 78. Kc2 Kd4 79. Kc1
1/2-1/2

[Event "DRUZYNOWE MISTRZOSTWA POLSKI JUNIOROW - II LIGA"]
[Site "Szczyrk, CKiR Orle Gniazdo ul. Wrzosowa 28a"]
[Date "2014-07-29"]
[Round "7.48"]
[White "Raczykowska, Paulina"]
[Black "Czarniecka, Aleksandra"]
[Result "0-1"]
[WhiteTitle "II+"]
[BlackTitle "I"]
[WhiteElo "1242"]
[BlackElo "1260"]

1. e4 c5 2. Nf3 d6 3. d4 cxd4 4. Nxd4 Nf6 5. Nc3 a6 6. a4 e6 7. Be2 Be7 8. O-O
Qc7 9. Be3 O-O 10. f4 Nc6 11. Kh1 Bd7 12. Bf3 Rac8 13. g4 Nxd4 14. Bxd4 e5 15.
fxe5 dxe5 16. Be3 Rfd8 17. Qe2 Qc4 18. g5 Qxe2 19. Bxe2 Ng4 20. Bb6 Rf8 21. h3
Rc6 22. Bg1 Nh6 23. gxh6 Rxh6 24. Bh2 Bxh3 25. Rf3 Bg4 26. Rg3 Bd7 27. Rd3 Bc6
28. Rg1 Bb4 29. Bf3 Bc5 30. Rg5 Bd4 31. Rh5 Rxh5 32. Bxh5 Bxc3 33. Rxc3 Bxe4+
34. Bf3 Bxf3+ 35. Rxf3 e4 36. Rb3 f5 37. Rxb7 f4 38. Re7 f3 39. Kg1 Rc8 40. Rxe4
Rxc2 41. b4 Rc1+ 42. Kf2 Rc2+ 43. Kg3 g5 44. Re3 Rc4 45. Rxf3 Rxb4 46. Ra3 Kf7
47. a5 h5 48. Bg1 Rg4+ 49. Kh2 Rh4+ 50. Kg2 Rb4 51. Bb6 g4 52. Kg3 Kg6 53. Kh4
Rb1 54. Rc3 Rh1+ 55. Kg3 Rh3+ 0-1